000 01450cam a2200361 a 4500
001 4016950
003 OSt
005 20180116192416.0
008 970623s1997 enka b 001 0 eng
010 _a 97027550
020 _a0521585015 (hb : alk. paper)
020 _a9780521659994
040 _aDLC
_cDLC
_dDLC
043 _au-at---
050 0 0 _aQH45.2
_b.S434 1997
082 0 0 _a508.94
_221
100 1 _aSeddon, George,
_d1927-
_96711
245 1 0 _aLandprints :
_breflections on place and landscape /
_cGeorge Seddon ; foreword by Sir Gustav Nossal.
260 _aCambridge ;
_aNew York :
_bCambridge University Press,
_c1997.
300 _axviii, 254 p. :
_bill. (some col.) ;
_c26 cm.
504 _aIncludes bibliographical references and index.
650 0 _aNatural history.
_96712
650 0 _aLandscape architecture.
_96713
650 0 _aNatural history
_zAustralia.
_96714
650 0 _aLandscape architecture
_zAustralia.
_96715
856 4 2 _3Publisher description
_uhttp://www.loc.gov/catdir/description/cam028/97027550.html
856 4 1 _3Table of contents
_uhttp://www.loc.gov/catdir/toc/cam027/97027550.html
906 _a7
_bcbc
_corignew
_d1
_eocip
_f19
_gy-gencatlg
942 _2ddc
_cBK
999 _c353739
_d353739